000
00289cam a22001097a 4500
008
180718b1998 xxu||||| |||| 00| 0 eng d
100
_a
Roy, Siddhesh
245
_a
Sukhi Bharat
_c
by Siddhesh Roy
260
_a
New Delhi
_b
Bajrang Prakashan
_c
1998
300
_a
240p.
650
_a
Economic-India
999
_c
438704
_d
438704